MARC details
| 000 -LEADER |
| fixed length control field |
01274pam a2200373 a 4500 |
| 001 - CONTROL NUMBER |
| control field |
1022280 |
| 003 - CONTROL NUMBER IDENTIFIER |
| control field |
GZU |
| 005 - DATE AND TIME OF LATEST TRANSACTION |
| control field |
20240408123710.0 |
| 008 - FIXED-LENGTH DATA ELEMENTS--GENERAL INFORMATION |
| fixed length control field |
881020s1989 ctu 000 0 eng c |
| 010 ## - LIBRARY OF CONGRESS CONTROL NUMBER |
| LC control number |
88037935 |
| 020 ## - INTERNATIONAL STANDARD BOOK NUMBER |
| International Standard Book Number |
0838501117 |
| 022 ## - INTERNATIONAL STANDARD SERIAL NUMBER |
| International Standard Serial Number |
No number |
| 040 ## - CATALOGING SOURCE |
| Original cataloging agency |
DNLM/DLC |
| Transcribing agency |
DLC |
| Modifying agency |
DLC |
| 050 10 - LIBRARY OF CONGRESS CALL NUMBER |
| Classification number |
RC457 |
| Item number |
EAS 1989 |
| 060 ## - NATIONAL LIBRARY OF MEDICINE CALL NUMBER |
| Classification number |
WM 18 E13pa |
| 082 00 - DEWEY DECIMAL CLASSIFICATION NUMBER |
| Classification number |
616.89/0076 |
| Edition number |
19 |
| 100 1# - MAIN ENTRY--PERSONAL NAME |
| Personal name |
Easson, William M., |
| Dates associated with a name |
1931- |
| 245 10 - TITLE STATEMENT |
| Title |
Appleton & Lange's review of psychiatry/ |
| Statement of responsibility, etc. |
William M. Easson |
| 250 ## - EDITION STATEMENT |
| Edition statement |
Fourth edition |
| Remainder of edition statement |
William M. Easson. |
| 260 ## - PUBLICATION, DISTRIBUTION, ETC. |
| Place of publication, distribution, etc. |
Norwalk, Conn.: |
| Name of publisher, distributor, etc. |
Appleton & Lange, |
| Date of publication, distribution, etc. |
c1989. |
| 300 ## - PHYSICAL DESCRIPTION |
| Extent |
xiii, 161 pages; |
| Dimensions |
28 cm. |
| 440 #0 - SERIES STATEMENT/ADDED ENTRY--TITLE |
| Title |
Arco medical review series |
| 500 ## - GENERAL NOTE |
| General note |
Rev. ed. of: Psychiatry examination review. 3rd ed. 1983. |
| 505 ## - FORMATTED CONTENTS NOTE |
| Title |
Psychiatry |
| 520 ## - SUMMARY, ETC. |
| Summary, etc. |
Over 900 multiple choice |
| 650 #0 - SUBJECT ADDED ENTRY--TOPICAL TERM |
| Topical term or geographic name entry element |
Psychiatry |
| General subdivision |
Examinations, questions, etc. |
| 650 #2 - SUBJECT ADDED ENTRY--TOPICAL TERM |
| Topical term or geographic name entry element |
Psychiatry |
| General subdivision |
examination questions. |
| 700 1# - ADDED ENTRY--PERSONAL NAME |
| Personal name |
Easson, William M., |
| Dates associated with a name |
1931- |
| Title of a work |
Psychiatry examination review. |
| 740 0# - ADDED ENTRY--UNCONTROLLED RELATED/ANALYTICAL TITLE |
| Uncontrolled related/analytical title |
Review of psychiatry. |
| 740 0# - ADDED ENTRY--UNCONTROLLED RELATED/ANALYTICAL TITLE |
| Uncontrolled related/analytical title |
Appleton and Lange's review of psychiatry. |
| 906 ## - LOCAL DATA ELEMENT F, LDF (RLIN) |
| a |
7 |
| b |
cbc |
| c |
orignew |
| d |
1 |
| e |
ocip |
| f |
19 |
| g |
y-gencatlg |
| 942 ## - ADDED ENTRY ELEMENTS (KOHA) |
| Source of classification or shelving scheme |
Library of Congress Classification |
| Koha item type |
Books |
| Edition |
Fourth edition |
| Classification part |
457 |
| Item part |
EAS |
| Call number prefix |
RC |